| 000 | 00515 a2200157 4500 | ||
|---|---|---|---|
| 003 | OSt | ||
| 005 | 20240823101805.0 | ||
| 008 | 231019b |||||||| |||| 00| 0 eng d | ||
| 020 | _a9789953185828 | ||
| 040 | _coclc | ||
| 082 |
_a492.7 _bWAF/A |
||
| 100 | 1 |
_aWāfī, Suhayl ʻAbd al-Ḥakīm _99764 |
|
| 245 |
_aal-ʻArabīyah bayna al-fuṣḥá wa-al-ʻāmmīyah / _csuhail abdhul hakeem al wafy |
||
| 260 |
_aBeirut: _bDar an nafaes, _c2018. |
||
| 942 |
_2ddc _cBK _h492.7 _iWAF/A _k492.7 _mWAF/A |
||
| 999 |
_c42642 _d42642 |
||